| 000 | 00542nam a22002057i 4500 | ||
|---|---|---|---|
| 001 | 299 | ||
| 003 | OSt | ||
| 005 | 20170126082241.0 | ||
| 007 | tu | ||
| 008 | 161220s1988 xxu||||| |||| 00| 0 d | ||
| 024 | 7 |
_a298 _2RID |
|
| 040 | _cOSt | ||
| 084 |
_a3.21 _2z |
||
| 100 | 1 | _aDesai, Padma | |
| 245 | 0 | 0 | _aPerestroika in Perspective:The Design and Dilemnas of Soviet Reform |
| 260 |
_aNew York : _bColumbia University, Department of Economics, _c1988. |
||
| 300 |
_a91 S. ; _c30cm. |
||
| 490 |
_aDiscussion Paper Series _v396 |
||
| 651 | _aSoviet Union | ||
| 942 | _cB | ||
| 999 |
_c295 _d295 |
||